Puchar Świata - klasyfikacja generalna za sezon 2022/23 - Statystyki

Ogólne statystyki
  • Ten quiz został rozwiązany 489 razy
    439 od ostatniego zresetowania
  • Średni wynik to 55 z 87
Statystyki odpowiedzi
Miejsce Skoczek Narodowość Pkt % Poprawnych
4. Dawid Kubacki Polska 1592
98%
6. Piotr Żyła Polska 984
98%
2. Stefan Kraft Austria 1790
98%
14. Kamil Stoch Polska 608
96%
1. Halvor Egner Granerud Norwegia 2128
95%
3. Anze Lanisek Słowenia 1679
94%
5. Ryoyu Kobayashi Japonia 1065
94%
63. Junshiro Kobayashi Japonia 14
92%
Domen Prevc Słowenia 449
91%
11. Karl Geiger Niemcy 736
90%
25. Peter Prevc Słowenia 274
90%
8. Timi Zajc Słowenia 853
89%
31. Paweł Wąsek Polska 190
88%
32. Aleksander Zniszczoł Polska 181
87%
7. Andreas Wellinger Niemcy 902
82%
Maciej Kot Polska 4
82%
18. Daniel-Andre Tande Norwegia 449
81%
13. Jan Hoerl Austria 639
81%
16. Johann Andre Forfang Norwegia 575
81%
49. Artti Aigro Estonia 33
80%
Stefan Hula Polska 4
80%
10. Manuel Fettner Austria 755
79%
12. Michael Hayboeck Austria 688
78%
Keiichi Sato Japonia 14
77%
15. Markus Eisenbichler Niemcy 607
77%
54. Yukiya Sato Japonia 21
77%
38. Antti Aalto Finlandia 69
76%
33. Giovanni Bresadola Włochy 170
76%
20. Marius Lindvik Norwegia 393
76%
68. Roman Koudelka Czechy 11
75%
26. Gregor Deschwanden Szwajcaria 270
74%
21. Robert Johansson Norwegia 387
74%
22. Lovro Kos Słowenia 298
73%
47. Simon Ammann Szwajcaria 38
73%
39. Vladimir Zografski Bułgaria 63
73%
9. Daniel Tschofenig Austria 851
71%
24. Naoki Nakamura Japonia 275
71%
37. Niko Kytosaho Finlandia 77
71%
46. Alex Insam Włochy 40
69%
44. Jan Habdas Polska 48
69%
74. Killian Peier Szwajcaria 6
69%
Yevhen Marusiak Ukraina 21
67%
17. Ziga Jelar Słowenia 488
67%
60. Fatih Arda Ipcioglu Turcja 16
66%
30. Philipp Raimund Niemcy 218
65%
28. Stephan Leyhe Niemcy 231
65%
50. Tomasz Pilch Polska 30
65%
23. Constantin Schmid Niemcy 280
64%
Pius Paschke Niemcy 168
64%
43. Ren Nikaido Japonia 49
63%
45. Dominik Peter Szwajcaria 44
61%
57. Kacper Juroszek Polska 18
61%
48. Mackenzie Boyd-Clowes Kanada 35
61%
Daniel Andrei Cacina Roumania 2
59%
29. Clemens Aigner Austria 227
57%
27. Kristoffer Eriksen Sundal Norwegia 246
57%
Erik Belshaw Stany Zjednoczone 17
55%
Kevin Maltsev Estonia 1
55%
82. Taku Takeuchi Japonia 2
55%
Andrew Urlaub Stany Zjednoczone 5
53%
Decker Dean Stany Zjednoczone 6
52%
34. Philipp Aschenwald Austria 168
52%
Radek Rydl Czechy 1
52%
Casey Larson Stany Zjednoczone 13
49%
62. Eetu Nousiainen Finlandia 15
49%
Remo Imhof Szwajcaria 14
49%
36. Bendik Jacobsen Heggli Norwegia 85
46%
41. Clemens Leitner Austria 59
43%
78. Anders Fannemel Norwegia 4
42%
51. Zak Mogel Słowenia 29
41%
42. Rok Masle Słowenia 51
40%
58. Benjamin Oestvold Norwegia 17
39%
40. Justin Lisso Niemcy 60
39%
Danil Vassilyev Kazachstan 2
38%
Felix Hoffmann Niemcy 10
38%
66. Vilho Palosaari Finlandia 13
37%
56. Joachim Odegaard Bjoereng Norwegia 19
35%
53. Sondre Ringen Norwegia 24
34%
70. Fredrik Villumstad Norwegia 10
31%
Maximilian Steiner Austria 16
31%
Maksim Bartolj Słowenia 11
30%
52. Jonas Schuster Austria 26
29%
81. Maximilian Ortner Austria 3
29%
85. Ulrich Wohlgenannt Austria 1
27%
73. Markus Rupitsch Austria 7
23%
76. Matija Vidic Słowenia 5
23%
72. Markus Mueller Austria 8
21%
Nie znaleziono quizów pasujących do podanych kryteriów
Rozkład punktacji
Procent ludzi z każdym wynikiem
Percentyl według liczby udzielonych odpowiedzi
Twoja historia wyników
Nie rozwiązałeś tego quizu od ostatniego zresetowania